Cities on Sounds of San Francisco by Global Deejays Song Lyrics - Statistics

General Stats
  • This quiz has been taken 2 times
  • The average score is 9 of 15
Answer Stats
Continent City % Correct
Europe Amsterdam
100%
Europe Berlin
100%
Africa Cape Town
100%
North America Dallas
100%
North America San francisco
100%
North America Boston
50%
Europe London
50%
North America Los Angeles
50%
North America Memphis
50%
Europe Moscow
50%
North America New York
50%
Europe Paris
50%
Asia Baghdad
0%
North America Chicago
0%
Asia Tokyo
0%
No matching quizzes found
Score Distribution
Percent of People with Each Score
Percentile by Number Answered
Your Score History
You have not taken this quiz